Pracovná (ne)náročnosť ekonomického rastu v slovenskej ekonomike: sektorový pohľad
Pokračovanie príspevku z predchádzajúceho čísla. Významná úloha odvetví, v ktorých bol vysoko položený prah rastu zamestnanosti.
Uložené v:
| Hlavný autor: | |
|---|---|
| Médium: | Kapitola |
| Jazyk: | Slovak |
| Predmet: | |
| Tagy: |
Žiadne tagy, Buďte prvý, kto otaguje tento záznam!
|
MARC
| LEADER | 00000naa a2200000 4500 | ||
|---|---|---|---|
| 001 | 0165285 | ||
| 005 | 20240517114309.0 | ||
| 041 | 0 | |a slo | |
| 044 | |a SK | ||
| 245 | 1 | 0 | |a Pracovná (ne)náročnosť ekonomického rastu v slovenskej ekonomike: sektorový pohľad |c Karol Morvay |
| 520 | |a Pokračovanie príspevku z predchádzajúceho čísla. Významná úloha odvetví, v ktorých bol vysoko položený prah rastu zamestnanosti. | ||
| 610 | 2 | 0 | |a kríza hospodárska |
| 610 | 2 | 0 | |a rast hospodársky |
| 610 | 2 | 0 | |a Slovensko |
| 610 | 2 | 0 | |a zamestnanosť |
| 610 | 2 | 0 | |a produktivita práce |
| 100 | 1 | |a Morvay, Karol, 1973- | |